000 00543nam a2200205Ia 4500
003 GCL
008 140319s9999 xx 000 0 eng d
040 _aGCL /
_cGCL
082 0 4 _a822.33
_bS M
100 1 _aSHAKESPEARE, WILLIAM
245 1 0 _aTHE MERCHAT OF VENICE /
_cSHAKESPEARE, WILLIAM
700 1 _aMORRIS, JONATHAN (ED)
260 _a[S.N] :
_bCAMLRIDGE UNIVERSITY PRESS ،
_c1992
300 _a188 PP
650 0 4 _aTHEATER
650 0 4 _aSHAKESPEARE, WILLIAM
650 0 4 _aDRAMA
650 0 4 _aENGLISH THEATER
942 _2ddc
_cBK
999 _c18601
_d18601